| 000 | 00545nam a2200205Ia 4500 | ||
|---|---|---|---|
| 003 | GCL | ||
| 008 | 140319s9999 xx 000 0 eng d | ||
| 040 |
_aGCL / _cGCL |
||
| 082 | 0 | 4 |
_a493.1 _bA P |
| 100 | 1 | _aANDREWS, CAROL | |
| 245 | 1 | 0 |
_aLA PIERRE DE ROSETTE / _cANDREWS, CAROL |
| 700 | 1 | _aRILEY, MICHELE | |
| 260 |
_aانجلترا : _bBRITISH MUSEUM PRESS ، _c1994 |
||
| 300 |
_a32 P _bILL ؛ _c24 cm. |
||
| 650 | 0 | 4 | _aANCIENT EGYPT |
| 650 | 0 | 4 | _aHISTORY |
| 650 | 0 | 4 | _aARCHAEOLOGY |
| 650 | 0 | 4 | _aHIEROGLYPHIC LANGUAGE |
| 942 |
_2ddc _cBK |
||
| 999 |
_c25043 _d25043 |
||